All Countries Ending in S - Statistics

General Stats
  • This quiz has been taken 43 times
    29 since last reset
  • The average score is 14 of 17
Answer Stats
Answer % Correct
Seychelles
92%
Bahamas
88%
Barbados
88%
Maldives
88%
Comoros
85%
Saint Kitts and Nevis
85%
Solomon islands
85%
Mauritius
81%
Honduras
77%
Laos
77%
Marshall islands
77%
Netherlands
77%
Philippines
77%
Saint Vincent and theGrenadines
77%
United Arab Emirates
73%
Belarus
69%
Cyprus
58%
No matching quizzes found
Score Distribution
Percent of People with Each Score
Percentile by Number Answered
Your Score History
You have not taken this quiz since the last reset